| 000 | 00401nam a2200145Ia 4500 | ||
|---|---|---|---|
| 008 | 151213s9999 xx 000 0 und d | ||
| 100 | _aJodie Gilmare | ||
| 245 |
_aPainless Windows A Beginners Handbook for S A S Users _cJodie Gilmare |
||
| 260 |
_aU S A _b S A S Institute _c1996 |
||
| 300 | _a2969 p. | ||
| 650 | _aComputer | ||
| 650 | _aMicro Computer | ||
| 700 | _aJodie Gilmare | ||
| 999 |
_c2056 _d2056 |
||